La proteccin̤ del inversor minorista en el panorama fintech Crowdfunding, criptomonedas e initial coin offerings (ICO) /

Detalles Bibliográficos
Autor principal: Fonticiella Hernǹdez, Beatriz
Formato: eBook
Lenguaje:español
Publicado: Madrid: Dykinson, 2021
Materias:
Acceso en línea:Acceso restringido

MARC

LEADER 00000nam a22000007a 4500
005 20220817230149.0
007 cr|||| ||||
008 220817s2021 es |||||s|||| 00||0 spa d
020 |a 978-84-1377-848-8 
035 |a 36506 
040 |a vLex 
090 |c 13740  |d 13740 
100 1 |a Fonticiella Hernǹdez, Beatriz 
245 1 2 |a La proteccin̤ del inversor minorista en el panorama fintech  |h [Recurso electrn̤ico] :  |b Crowdfunding, criptomonedas e initial coin offerings (ICO) /  |c Beatriz Fonticiella Hernǹdez 
256 |a Servicio en ln̕ea 
260 |a Madrid:  |b Dykinson,  |c 2021 
300 |a 1 recurso electrn̤ico 
500 |a El notable desarrollo y auge de las fintech est ̀suponiendo la quiebra del paradigma tradicional del sector financiero. En efecto, la aparicin̤ de estos nuevos horizontes tecnolg̤icos ha originado, a grandes rasgos, un notable impulso de modelos de negocios innovadores y eminentemente digitales, en los que han florecido novedosas oportunidades con un potencial para la inversin̤ nada desdeąble. En estos nuevos contextos, los intereses financieros de los inversores minoristas han comenzado a extenderse hacia estos nuevos sectores. As,̕ este trabajo tiene por objeto abordar el rǧimen tuitivo de tales inversores y se completa con una serie de reflexiones incardinadas, principalmente, a comprobar cul̀ es el nivel de proteccin̤ que ostentan en la vigente normativa, cm̤o debe interpretarse esta, qu ̌lagunas presenta y, en su caso, cm̤o mejorarlas. 
506 1 |a Disponible solo en los productos indicados  |d vLex Global  |d vLex Global (Academic Edition, excluding Law Schools)  |d vLex Global (U.S. Academic Edition, Law Schools)  |d vLex Global (U.S. Academic Edition, excluding Law Schools)  |d vLex Global (Academic Edition, Law Schools) 
650 0 4 |a Economa̕ y negocios  |z Espaą 
740 0 |a vLex Libros (Servicio en ln̕ea) 
856 4 0 |u https://app.vlex.com/#/sources/36506  |z Acceso restringido 
942 |c BOOK 
999 0 |a Economy and business